000
00329nam a22001217a 4500
040
_c
SY
082
_a
620
100
_a
CHHAY SARAN; ឆៃ សារ៉ាន់
245
_a
Forest enginnering work, ការងារវិស្វកម្មព្រៃឈើ
260
_a
RUA
_b
CHH
_c
2009
300
_a
62p.
942
_c
KB
999
_c
9397
_d
9397